| 000 | 00555cam a2200205 4500 | ||
|---|---|---|---|
| 008 | 010921n2002 000 0 eng u | ||
| 020 | _a0415301203 | ||
| 035 | _a(Sirsi) u119620 | ||
| 050 | _a692.5 | ||
| 110 |
_aDavis Langdon and Everest _91155 |
||
| 245 | _aSpon's landscape and external works price book 2003 | ||
| 250 | _a22nd ed. | ||
| 260 |
_aLondon _bSpon Press _c2002 |
||
| 350 | _a85 | ||
| 650 | _aEXTERNAL WORKS | ||
| 650 | _aLANDSCAPING | ||
| 650 | _aBUILDING PRICE BOOKS | ||
| 690 | _aBUILT ENVIRONMENT-BUILDING COSTS | ||
| 942 | _n0 | ||
| 999 |
_c102343 _d102343 |
||